000 01737nam0a2200361 4500
001 RU\NLR\b_ik\195919
005 20250616231256.0
035 _a(NLR Aleph) 002268328
090 _a3915217
_c3915217
100 _a20120607d2012 |||y0rusy50 ca
101 0 _aeng
_drus
102 _aRU
105 _aa |||||||||
200 1 _aPolarization radiative recombination effect for tungsten highly-charged ions
_fM.B. Trzhaskovskaya a. V.K. Nikulin
210 _aGatchina
_cPNPI
_d2012
215 _a23 c.
_cил.
_d20
225 1 _aReport
_fB.P. Konstantinov Petersburg nuclear physics inst.
_v2893. PNPI-2012
300 _aНа обороте тит. л.: Эффект поляризационной радиационной рекомбинации в многозарядных ионах вольфрама / М.Б. Тржасковская, В.К. Никулин
300 _aРез. на рус. яз.
320 _aБиблиогр.: с. 22-23 (18 назв.)
517 0 _aЭффект поляризационной радиационной рекомбинации в многозарядных ионах вольфрама
606 1 _aВольфрам
_xИоны
_xРекомбинация
_92460294
_3RU\NLR\AUTH\661461974
606 1 _aЭлектроны
_xРекомбинация с ионами
_91887399
_3RU\NLR\AUTH\66858172
606 1 _aЭлектроны
_xПоляризация
_91944269
_3RU\NLR\AUTH\661176761
686 1 _aВ383.56
686 1 _aВ382.3
700 1 _aTržaskovskaja
_bM. B.
_gMal'vina Bronislavovna
_4070
701 1 _aNikulin
_bV. K.
_gVladimir Kirillovič
_4070
801 0 _aRU
_bNLR
_c20120607
_gRCR
942 _cBOOK
980 _aNB